Senales de trafico : relatos /

Bibliographic Details
Main Author: Chocrón, Isaac, 1930-2011
Format: Book
Language:Spanish
Published: Caracas, Venzuela : Monte Avila Editores, [1972]
Series:Colección Continentes (Caracas, Venezuela)

MARC

Tag First Indicator Second Indicator Subfields
LEADER 00000cam a2200000 a 4500
001 in00000091432
005 20151008063941.0
008 750422s1972 ve 00010 spa d
035 |a (OCoLC)01293467 
035 |9 AAK3237AM 
040 |c NHM  |d TXA  |d UtOrBLW 
049 |a TXAM  |c [387645] 
090 |a PQ8549.C53  |b S4 
100 1 |a Chocrón, Isaac,  |d 1930-2011. 
245 1 0 |a Senales de trafico :  |b relatos /  |c Isaac Chocron. 
264 1 |a Caracas, Venzuela :  |b Monte Avila Editores,  |c [1972] 
264 4 |c ©1972 
300 |a 354 pages ;  |c 18 cm. 
336 |a text  |b txt  |2 rdacontent 
337 |a unmediated  |b n  |2 rdamedia 
338 |a volume  |b nc  |2 rdacarrier 
490 1 |a Coleccion continente 
830 0 |a Colección Continentes (Caracas, Venezuela) 
999 |a MARS 
999 f f |s 912688b0-cdb8-3e81-bbcc-0b6a82f57000  |i bc3206e6-ab95-38da-a293-c493e089fcca  |t 0 
952 f f |p normal  |a Texas A&M University  |b College Station  |c Sterling C. Evans Library  |d Evans: Library Stacks  |t 0  |e PQ8549.C53 S4  |h Library of Congress classification  |i unmediated -- volume  |m A14806182386 
998 f f |a PQ8549.C53 S4  |t 0  |l Evans: Library Stacks